00465nam a2200145Ia 4500008004100000100001700041245010600058245001700164260005900181260000900240300001100249650001800260650001500278856002600293170221s9999 xx 000 0 und d aIbrahim Sani 4aThe use of Verbal and Visual Metaphors in the Construction of Satire in Nigerian Political Cartoons  cIbrahim Sani bOnline Journal of Communication and Media Technologies c2013 a33 : 4 xCommunication xMedia Arts uhttp://www.ojcmt.net/